01422nam a2200289 a 450000100100000000500170001000800410002702000180006802000280008604000250011408200210013910000380016024500760019826000420027430000240031650000520034050000600039250000530045250400280050559000260053395201130055995201080067295201130078095201080089395201140100199900170111500004710020201002053345.0180416s2017 dr a 000 0 spa d a9789945468625 a9789945468687(cuaderno) aDO-SdBNPbspacBNPHU axxxxbT233a, 1ro1 aTaveras de Frías, Reyita93777110aAprendamos matemática 1 :bprimer grado /cReyita Taveras de Frías. aSanto Domingo :bAlfa y Omega,c2017. av. :bil. ;c28 cm. aIncluye datos biográficos de la autora p. 162 aLa biblioteca posee el cuaderno y libro del estudiantes aMinisterio de Educación República Dominicana aBibliografía : p. 163 aInventariado, 2018/LP 0010718PDaGRbGRcHDd2018-04-16iLF1l0ov.1, e. 3p47100-30r2020-06-25w2020-06-25yLFPDZNo se presta 0010718PDaPDbPDcHDd2018-04-16iLF1l0ov. 1p47100-10r2020-06-25w2020-06-25yLFPDZNo se presta 0010718PDaPDbPDcHDd2018-04-16iLF1l0ov.1, e. 2p47100-20r2020-06-25w2020-06-25yLFPDZNo se presta 0010718PDaPDbPDcHDd2018-11-09iLF1l0ov. 2p47100-40r2020-06-25w2020-06-25yLFPDZNo se presta 0010718PDaPDbPDcHDd2018-11-09iLF1l0ov. 2, e. 2p47100-50r2020-06-25w2020-06-25yLFPDZNo se presta c46588d46588